000 00816cab a2200289 4500
001 WB3411-23
008 090401t1998 xxu||||| |||| 00| 0 eng d
035 _a(Sirsi) u85102
041 _aeng
245 _aReporting Britain
260 _c1998
350 _a0
490 _aFinancial Times
_vSupplement 19 March 1998 (8) LOAN
520 _aSurvey on developments in Britain`s regions. This issue focuses on economic, industrial, political and social developments in London, Scotland, Wales and York.
650 _aCHANNEL TUNNEL
650 _aLLANELLI
650 _aLONDON DOCKLANDS
650 _aLONDON
650 _aMILLENNIUM
650 _aSCOTLAND
650 _aTHAMES GATEWAY
650 _aWALES
650 _aYORK
690 _aECONOMIC AND SOCIAL
942 _n0
948 _c20/03/1998
999 _c53510
_d53510